| 000 | 02126nam0a2200325 i 4500 | ||
|---|---|---|---|
| 001 | RU\NLR\bibl\2018471 | ||
| 005 | 20260408103419.0 | ||
| 021 |
_aRU _b2013-18620 _91304 |
||
| 035 | _a(NLR Aleph) 002006825 | ||
| 090 |
_a4432039 _c4432039 |
||
| 100 | _a20130402d2013 u y0rusy50 ca | ||
| 101 | 0 | _arus | |
| 102 | _aRU | ||
| 105 | _ay ||||||||| | ||
| 200 | 1 |
_aМедико-экологическое значение ртути. Меры безопасности при контакте с соединениями ртути и приборами с ртутным наполнением _eметодические рекомендации _fУпр. Федер. службы по надзору в сфере защиты прав потребителей и благополучия человека по Рязанской области _g[авт.-сост.: Сафонкин Сергей Васильевич, Чукина Галина Владимировна] |
|
| 210 |
_aРязань _cКонцепция _d2013 |
||
| 215 |
_a31 с. _d21 |
||
| 320 | _aБиблиогр.: с. 29-30 | ||
| 517 | 0 | _aМеры безопасности при контакте с соединениями ртути и приборами с ртутным наполнением | |
| 606 | 1 |
_aОтравления ртутью _jМетодические пособия _91382534 _3RU\NLR\auth\66266768 |
|
| 606 | 1 |
_aРтуть _jМетодические пособия _xГигиена труда при работе с ней _91553187 _3RU\NLR\auth\66979305 |
|
| 686 | _aР419.441.2я8 | ||
| 686 | _aР124.432.412я8 | ||
| 702 | 1 |
_aСафонкин _bС. В. _gСергей Васильевич _4220 |
|
| 712 | 0 | 1 |
_4570 _aРоссийская Федерация _bФедеральная служба по надзору в сфере защиты прав потребителей и благополучия человека _bУправление по Рязанской области _9371261 _3RU\NLR\AUTH\8810242689 |
| 801 | 0 |
_aRU _bNLR _c20130402 _gRCR |
|
| 801 | 1 |
_aRU _bNLR _c20130402 |
|
| 942 | _cBOOK | ||
| 980 | _aNBR | ||